000 00509nam a2200169Ia 4500
008 230718s9999 xx 000 0 und d
020 _a9789332518407
041 _aeng
082 _a004.165
_bMAZ
100 _aMazidi M.A.
245 _aAVR Microcontroller And Embedded Systems
_bUsing Assembly And C
260 _c2015
_bPearson
300 _a743
_dRef 872 I (49555)
365 _cRs.
_b775.00
700 _aMazidi M.A.; Naimi S. & Naimi S.
906 _dO:0418924-Sep-2014B:664022-Sep-2014
_cINST
_b2092.5
999 _c338354
_d338354